| 000 | 00600nam a2200193Ia 4500 | ||
|---|---|---|---|
| 003 | IN-BaIIA | ||
| 008 | 211028s9999 xx 000 0 eng d | ||
| 040 | _cIIA Library | ||
| 080 |
_a539.1 _bWER |
||
| 100 |
_aWertheim, Gunther K. _95168 |
||
| 245 | 0 |
_aMossbauer effect _bprinciples and applications _cGunther K. Wertheim |
|
| 260 |
_aNew York _bAcademic Press _c1964 |
||
| 300 | _aviii, 116p. | ||
| 650 |
_aElectromagnetic absorption _95169 |
||
| 650 |
_aMossbauer effect _95170 |
||
| 650 | _aNASA Thesaurus | ||
| 650 |
_aNuclear physics _91527 |
||
| 942 | _cBK | ||
| 999 |
_c2894 _d2894 |
||